[Event "Eu Blitz Ch"]
[Site "Panormo GRE"]
[Date "2002.10.02"]
[Round "8"]
[White "Ehlvest,J"]
[Black "Huzman,A"]
[Result "1-0"]
[WhiteElo "2600"]
[BlackElo "2595"]

1.c4 c5 2.g3 g6 3.Bg2 Bg7 4.Nc3 Nc6 5.a3 d6 6.e3 Bxc3 7.bxc3 Nf6 8.d3 Qc7
9.e4 b6 10.Nf3 Bb7 11.Nd2 h5 12.h3 Ne5 13.Nf1 O-O-O 14.f4 Ned7 15.Ne3 e6
16.a4 a5 17.O-O Rhg8 18.Ra2 Nh7 19.Raf2 f5 20.Re1 Nhf6 21.Nf1 Rge8 22.Nh2 Bc6
23.Rfe2 Qb7 24.Qc2 d5 25.cxd5 exd5 26.e5 Nh7 27.d4 Nhf8 28.e6 Nf6 29.e7 Ne4
30.exd8=Q+ Rxd8 31.Nf3 Ne6 32.Ba3 c4 33.Ne5 Be8 34.Re3 Nc7 35.Rb1 Na8 36.g4 hxg4
37.hxg4 Qg7 38.Rh3 fxg4 39.Nxg4 Qd7 40.Nf2 Nxf2 41.Qxf2 Qxa4 42.Be7 Rd7 43.Bf6 Bf7
44.Rh8+ Kb7 45.Be5 Qc6 46.Qh4 b5 47.Rb8+ Ka6 48.Qh8 Nb6 49.Qf8 Be6 50.Qc5 Qxc5
51.dxc5 Na4 52.R8xb5 Bf5 53.Rb6+ Nxb6 54.Rxb6+ Ka7 55.Bb8+ Ka8 56.c6 Re7
57.Bxd5 Be4 58.Bxe4 Rxe4 59.Be5  1-0

[Event "Eu Blitz Ch"]
[Site "Panormo GRE"]
[Date "2002.10.02"]
[Round "9"]
[White "Karjakin,Sergey"]
[Black "Ehlvest,J"]
[Result "1-0"]
[WhiteElo "2527"]
[BlackElo "2600"]

1.e4 g6 2.d4 d6 3.Nc3 c6 4.Be3 Nf6 5.h3 b5 6.Bd3 Nbd7 7.f4 Nb6 8.Nf3 Bg7
9.O-O O-O 10.a3 Bb7 11.Qe1 a5 12.Qh4 b4 13.axb4 axb4 14.Rxa8 Bxa8 15.Ne2 Na4
16.Bc1 c5 17.e5 Nd5 18.f5 cxd4 19.Ng5 h6 20.fxg6 fxg6 21.Rxf8+ Qxf8 22.Ne6 Qf7
23.Nxg7 Qxg7 24.exd6 exd6 25.Bxh6 Qe7 26.Bg5 Qe6 27.Nxd4 Qf7 28.Qg4 Nxb2
29.Be4 Bb7 30.Bc1 Nf6 31.Qxg6+ Qxg6 32.Bxg6 Nc4 33.Bf5 Bd5 34.g4 Kf7 35.Kh2 Ne5
36.Kg3 Ne4+ 37.Kf4 Nc3 38.h4 Nc6 39.Nxc6 Bxc6 40.Be3 Nd5+ 41.Ke4 Nf6+ 42.Kd4 Nd7
43.Bf4 Ke7 44.g5 Nc5 45.Kc4 Ne6 46.Be3 d5+ 47.Kxb4 d4 48.Bd2 Kd6 49.h5 Ke5
50.h6 Kd5 51.Bc1  1-0

[Event "Eu Blitz Ch"]
[Site "Panormo GRE"]
[Date "2002.10.02"]
[Round "9"]
[White "Ehlvest,J"]
[Black "Karjakin,Sergey"]
[Result "1-0"]
[WhiteElo "2600"]
[BlackElo "2527"]

1.c4 c5 2.g3 Nc6 3.Bg2 g6 4.Nc3 Bg7 5.a3 e6 6.Rb1 a5 7.Nh3 Nge7 8.Nf4 O-O
9.d3 Rb8 10.Bd2 b6 11.O-O Bb7 12.e3 d6 13.Nb5 Qd7 14.Bc3 Bxc3 15.bxc3 Ne5
16.e4 d5 17.cxd5 exd5 18.d4 cxd4 19.cxd4 Nc4 20.e5 f6 21.Bh3 f5 22.Bg2 Bc6
23.a4 Rfd8 24.h4 Qe8 25.Qe2 Qf7 26.Rfc1 h6 27.Nxd5 Bxd5 28.Bxd5 Nxd5 29.Qxc4 f4
30.Nd6 Qe6 31.Rb5 Rbc8 32.Nxc8 fxg3 33.Rxd5 gxf2+ 34.Kh2 Rf8 35.Rf1 Kh8 36.Rd8 Qxc4
37.Rxf8+ Kg7 38.R1xf2 h5 39.R2f7+ Qxf7 40.Rxf7+ Kxf7 41.Nd6+ Ke6 42.Nb5 Kf5
43.Kg3 g5 44.hxg5 Kxg5 45.d5 h4+ 46.Kh3 Kf5 47.e6 Kf6 48.Kxh4  1-0

[Event "Eu Blitz Ch"]
[Site "Panormo GRE"]
[Date "2002.10.03"]
[Round "12"]
[White "Sakaev,K"]
[Black "Ehlvest,J"]
[Result "0-1"]
[WhiteElo "2647"]
[BlackElo "2600"]

1.d4 d5 2.c4 e6 3.Nf3 Nf6 4.Nc3 Bb4 5.Qa4+ Nc6 6.a3 Bxc3+ 7.bxc3 Ne4 8.Bb2 O-O
9.e3 Bd7 10.Qc2 f5 11.Bd3 Be8 12.cxd5 exd5 13.c4 Bf7 14.O-O Be6 15.Rac1 Qd7
16.cxd5 Bxd5 17.Bc4 Rad8 18.Bxd5+ Qxd5 19.Qc4 Rf7 20.Qxd5 Rxd5 21.Rc2 Rfd7
22.Rfc1 Rb5 23.Kf1 h6 24.Ne1 Rb3 25.f3 Nf6 26.Kf2 Re7 27.Bc3 Nd5 28.Bd2 Rxa3
29.Rc5 Rd7 30.Nc2 Ra2 31.g3 a5 32.Ke2 Kf7 33.Rb1 Ncb4 34.Nxb4 axb4 35.Kd3 b6
36.Rc6 Ra3+ 37.Ke2 Re7 38.Kf2 Ra2  0-1

[Event "Eu Blitz Ch"]
[Site "Panormo GRE"]
[Date "2002.10.03"]
[Round "12"]
[White "Ehlvest,J"]
[Black "Sakaev,K"]
[Result "0-1"]
[WhiteElo "2600"]
[BlackElo "2647"]

1.c4 e5 2.g3 Nc6 3.Bg2 g6 4.Nc3 Bg7 5.Rb1 a5 6.e3 f5 7.Nge2 Nf6 8.O-O d6
9.d3 O-O 10.b3 g5 11.f4 gxf4 12.exf4 Kh8 13.Qd2 Rb8 14.Bb2 Ne7 15.Nd1 Ng6
16.Ne3 Nh5 17.Bf3 Nf6 18.Qxa5 exf4 19.Nxf4 Ne5 20.Bg2 Bd7 21.Qd2 Qe8 22.Rbe1 Qf7
23.Nfd5 Nh5 24.d4 Ng6 25.g4 Nf6 26.Nxf5 Bxf5 27.Rxf5 Qd7 28.Nxf6 Bxf6 29.Ref1 Bg7
30.Qf2 c6 31.h4 Ne7 32.Rf4 Ng6 33.Rf5 Ne7 34.Rxf8+ Rxf8 35.Qe2 Rxf1+ 36.Bxf1 Ng6
37.h5 Nf4 38.Qf3 Ne6 39.Qf5 Qe7 40.Bd3 Bxd4+ 41.Bxd4+ Nxd4 42.Qf4 Ne6 43.Qe4 Qf7
44.Qf5 Qe7 45.b4 Ng5 46.Kg2 h6 47.Qg6 Qf8 48.Bf5 d5 49.cxd5 cxd5 50.a3 d4
51.Qb6 Qe7 52.Qxd4+ Kg8 53.Qd5+ Kg7 54.Qd4+ Kf8 55.Kg3 Qe1+ 56.Qf2 Qc3+ 57.Kg2 Qh3+
58.Kg1 Nf3+ 59.Qxf3 Qxf3  0-1

[Event "Eu Blitz Ch"]
[Site "Panormo GRE"]
[Date "2002.10.03"]
[Round "15"]
[White "Van Wely,L"]
[Black "Ehlvest,J"]
[Result "0-1"]
[WhiteElo "2681"]
[BlackElo "2600"]

1.Nf3 d5 2.d4 Nf6 3.c4 e6 4.Nc3 Bb4 5.Qa4+ Nc6 6.a3 Bxc3+ 7.bxc3 Ne4 8.Qc2 O-O
9.e3 b6 10.Bd3 Ba6 11.O-O Na5 12.cxd5 Bxd3 13.Qxd3 exd5 14.Nd2 f5 15.f3 Nxd2
16.Bxd2 Qd7 17.Be1 Rae8 18.Bg3 Nc4 19.Rfe1 b5 20.Bf4 h6 21.h3 a5 22.Ra2 a4
23.h4 c6 24.Bg3 Qe7 25.Kh2 Nxa3 26.Rae2 Nc4 27.e4 dxe4 28.fxe4 f4 29.Bf2 a3
30.Qf3 Qd7 31.Ra2 Rf7 32.Kg1 g5 33.hxg5 hxg5 34.Qh5 Rg7 35.d5 g4 36.Bd4 Qf7
37.Qh6 cxd5 38.Bxg7 Qxg7 39.Qxf4 g3 40.Rae2 Rf8 41.Qh4 d4 42.e5 d3 43.Re4 d2
44.Rd1 Nxe5 45.Rxd2 Qa7+ 46.Red4 a2 47.Qxg3+ Kh7 48.Rxa2 Qc5 49.Re2 Ng6 50.Kh2 Rh8
51.Re6 Kg7+ 52.Kg1 Rh6 53.Kf1 Qf5+ 54.Qf3 Qxe6 55.Rd5 Rh8 56.Rxb5 Rf8 57.Rb7+ Kg8
58.Rb8 Rxb8 59.Kg1 Rb1+ 60.Kh2 Qe5+ 61.Qg3 Rh1+ 62.Kxh1 Qxg3  0-1

[Event "Eu Blitz Ch"]
[Site "Panormo GRE"]
[Date "2002.10.03"]
[Round "15"]
[White "Ehlvest,J"]
[Black "Van Wely,L"]
[Result "1-0"]
[WhiteElo "2600"]
[BlackElo "2681"]

1.e4 c5 2.Nf3 d6 3.d4 cxd4 4.Nxd4 Nf6 5.Nc3 a6 6.Be2 e6 7.O-O Be7 8.f4 O-O
9.a4 Nc6 10.Be3 Qc7 11.Kh1 Re8 12.Bf3 Bf8 13.Nb3 b6 14.a5 bxa5 15.e5 dxe5
16.fxe5 Rd8 17.Bd2 Nd7 18.Bxc6 Qxc6 19.Nxa5 Qc7 20.Bf4 Nb6 21.Qf3 Rb8 22.Ne4 Nd5
23.Bg5 Rd7 24.c4 Nb4 25.Nf6+ Kh8 26.Nxd7 Bxd7 27.Qxf7 h6 28.Be7 Bxe7 29.Qxe7 Nd3
30.Rad1 Nxe5 31.b4 Kh7 32.h3 Re8 33.Qd6 Qxd6 34.Rxd6 Re7 35.Re1 Nf7 36.Rxa6 e5
37.c5 Bb5 38.Rb6 Bd3 39.Rb7  1-0

[Event "Eu Blitz Ch"]
[Site "Panormo GRE"]
[Date "2002.10.03"]
[Round "17"]
[White "Ehlvest,J"]
[Black "Smirnov,P"]
[Result "1-0"]
[WhiteElo "2600"]
[BlackElo "2562"]

1.d4 d5 2.c4 c6 3.e3 Nf6 4.Bd3 e5 5.Nc3 exd4 6.exd4 dxc4 7.Bxc4 Be7 8.Nf3 O-O
9.h3 Bf5 10.O-O Nbd7 11.Re1 Nb6 12.Bb3 Nbd5 13.Bg5 Qd6 14.Ne5 h6 15.Bh4 Be6
16.Qf3 Rad8 17.Re2 Qb4 18.Rd1 Qb6 19.Ng6 fxg6 20.Rxe6 Kh8 21.Bxf6 Rxf6 22.Nxd5 cxd5
23.Rxb6 Rxf3 24.Rxb7 Rf7 25.Re1  1-0

[Event "Eu Blitz Ch"]
[Site "Panormo GRE"]
[Date "2002.10.03"]
[Round "17"]
[White "Smirnov,P"]
[Black "Ehlvest,J"]
[Result "0-1"]
[WhiteElo "2562"]
[BlackElo "2600"]

1.e4 g6 2.d4 d6 3.Nc3 c6 4.f4 d5 5.e5 h5 6.Nf3 Nh6 7.Be3 Bg4 8.h3 Nf5 9.Bf2 Bxf3
10.Qxf3 h4 11.Bd3 e6 12.O-O Nd7 13.Ne2 a5 14.b3 Be7 15.c4 Kf8 16.c5 b6 17.cxb6 Qxb6
18.Rfc1 Kg7 19.Bxf5 exf5 20.Nc3 Rhc8 21.Na4 Qb5 22.Qe3 Nf8 23.Qe1 Ne6 24.Nc3 Qb4
25.Ne2 Qxe1+ 26.Rxe1 a4 27.Kh2 Rcb8 28.Rac1 axb3 29.axb3 Rxb3 30.Kg1 Rb2
31.Kf1 Raa2 32.Be3 Bb4 33.Nc3 Bxc3 34.Rxc3 Rxg2 35.Ra3 Rac2 36.Rc3 Rxc3 37.Kxg2 g5
38.fxg5 Kg6 39.Kf2 f4 40.Bd2 Rxh3  0-1

[Event "Eu Blitz Ch"]
[Site "Panormo GRE"]
[Date "2002.10.03"]
[Round "19"]
[White "Ehlvest,J"]
[Black "Roiz,M"]
[Result "1/2-1/2"]
[WhiteElo "2600"]
[BlackElo "2512"]

1.c4 e6 2.Nf3 Nf6 3.Nc3 d5 4.e3 Nbd7 5.b3 c6 6.Bb2 Bd6 7.d4 O-O 8.Bd3 Qe7
9.O-O dxc4 10.bxc4 e5 11.Nd2 Re8 12.h3 Bc7 13.Qc2 Nf8 14.d5 Ng6 15.a4 Nh4
16.Ba3 Qd8 17.Rad1 cxd5 18.cxd5 Bxh3 19.gxh3 Qd7 20.Nde4 Qxh3 21.f3 Nxf3+
22.Rxf3 Qxf3 23.Nxf6+ Qxf6 24.Bxh7+ Kh8 25.Be4 Bb6 26.Qh2+ Qh6 27.Qxh6+ gxh6
28.Rd3 Rg8+ 29.Kf1 Rg5 30.d6 f5 31.Bxb7 Rag8 32.Ne2 e4 33.Rc3 Rh5 34.Ke1 Ba5
35.Kd1 Rh1+ 36.Kc2 Rh2 37.Bc1  1/2-1/2

[Event "Olympiad"]
[Site "Bled SLO"]
[Date "2002.10.29"]
[Round "4"]
[White "Al Modiahki,M"]
[Black "Ehlvest,J"]
[Result "1-0"]
[WhiteElo "2550"]
[BlackElo "2600"]

1.e4 c5 2.Nf3 e6 3.d4 cxd4 4.Nxd4 Nf6 5.Nc3 d6 6.f4 Be7 7.Be3 O-O 8.Qf3 e5
9.Nf5 Bxf5 10.exf5 Qa5 11.O-O-O e4 12.Qe2 Rc8 13.Qb5 Qc7 14.Rg1 d5 15.g4 d4
16.Bxd4 Qxf4+ 17.Kb1 Nc6 18.Bxf6 Bxf6 19.Nd5 Qxh2 20.Nxf6+ gxf6 21.Bc4 Ne5
22.Bb3 Rd8 23.Rc1 Qf4 24.Qxb7 Rf8 25.Rgf1 Nf3 26.Bxf7+ Rxf7 27.Qxa8+ Kg7
28.Rfd1 e3 29.Qe8 Nd2+ 30.Ka1 Rb7 31.Rh1 Nf3 32.Rcd1  1-0

[Event "Olympiad"]
[Site "Bled SLO"]
[Date "2002.10.30"]
[Round "5"]
[White "Ehlvest,J"]
[Black "Kakageldyev,A"]
[Result "1/2-1/2"]
[WhiteElo "2600"]
[BlackElo "2468"]

1.e4 g6 2.d4 Bg7 3.c4 d6 4.Nc3 Nc6 5.Nge2 e5 6.Be3 exd4 7.Nxd4 Nge7 8.Be2 O-O
9.O-O f5 10.Nxc6 bxc6 11.Bd4 Bxd4 12.Qxd4 c5 13.Qd3 Rb8 14.b3 fxe4 15.Qxe4 Bb7
16.Qe6+ Kg7 17.Bd3 Nc6 18.Rae1 Nd4 19.Qg4 Qf6 20.Be4 Bxe4 21.Nxe4 Qf5 22.Qxf5 gxf5
23.Nc3 Rbe8 24.f3 c6 25.Kf2 Kf6 26.Rxe8 Rxe8 27.Rd1 Re6 28.f4 Re7 29.Rd3 Re8
30.Rg3 a5 31.Rd3 Re6 32.Rh3  1/2-1/2

[Event "Olympiad"]
[Site "Bled SLO"]
[Date "2002.11.04"]
[Round "9"]
[White "Winants,L"]
[Black "Ehlvest,J"]
[Result "1/2-1/2"]
[WhiteElo "2504"]
[BlackElo "2600"]

1.d4 d5 2.c4 e6 3.Nc3 Bb4 4.Nf3 Nf6 5.Bg5 h6 6.Bxf6 Qxf6 7.e3 O-O 8.Rc1 dxc4
9.Bxc4 c5 10.O-O cxd4 11.exd4 Rd8 12.Ne4 Qe7 13.Qe2 Bd7 14.a3 Ba5 15.Rfd1 Nc6
16.b4 Bb6 17.Nc5 Be8 18.Qe4 a5 19.d5 exd5 20.Bxd5 Qxe4 21.Nxe4 axb4 22.axb4 Nxb4
23.Bxb7 Rxd1+ 24.Rxd1 Ra2 25.g4 Rb2 26.Ra1 Bd7 27.Ne5 Be6 28.h3 Nc2 29.Rc1 Nd4
30.Ba6 f5 31.Nc5 Bd5 32.Ncd7 Nf3+ 33.Nxf3 Bxf2+ 34.Kf1 Bxf3 35.Rc8+ Kf7 36.Ne5+ Ke7
37.Nxf3 Bb6 38.Nh4 fxg4 39.hxg4 Rf2+ 40.Ke1 Ra2 41.Nf5+ Kd7 42.Bb7 Ra7 43.Rg8 Rxb7
44.Rxg7+ Kc6 45.Rxb7 Kxb7 46.Nxh6  1/2-1/2

[Event "Olympiad"]
[Site "Bled SLO"]
[Date "2002.11.07"]
[Round "12"]
[White "Ehlvest,J"]
[Black "Braga,F"]
[Result "0-1"]
[WhiteElo "2600"]
[BlackElo "2434"]

1.e4 d5 2.exd5 Qxd5 3.Nc3 Qa5 4.g3 Nf6 5.Bg2 g6 6.Nf3 Bg7 7.O-O O-O 8.Re1 Nc6
9.h3 e5 10.d3 Re8 11.Be3 Qb4 12.a3 Qd6 13.b4 a5 14.Bc5 Qd8 15.b5 Nd7 16.Be3 Nd4
17.Bxd4 exd4 18.Nd5 Nf6 19.Rxe8+ Nxe8 20.Qe1 Bd7 21.Rb1 Nd6 22.a4 Be6 23.Nf4 Qf6
24.Nxe6 fxe6 25.h4 h6 26.Qd2 Qf5 27.Re1 Kf7 28.Qe2 Re8 29.Nd2 b6 30.Nc4 Nxc4
31.dxc4 Qf6 32.Be4 Re7 33.Rd1 Kg8 34.Qd3 Kf7 35.Qa3 Bf8 36.Rd3 Kg8 37.Qa1 Rf7
38.Qe1 Kg7 39.Qe2 h5 40.Kg2 Bd6 41.Rd1 Bc5 42.Bd3 Bd6 43.Re1 Re7 44.Qe4 Rf7
45.Re2 Re7 46.g4 hxg4 47.Qxg4 Kh6 48.Re4 Rf7 49.Qe2 Rg7 50.Kf1 Bf4 51.Rxe6 Qxh4
52.Qe4 Qh3+ 53.Ke1 Qg4 54.Qh1+ Qh5 55.Qa8 Qg4 56.Qh8+ Kg5 57.Qd8+ Kh6 58.Qh8+ Kg5
59.Qd8+ Kh6 60.Qd5 Bd6 61.Qh1+ Qh5 62.Qe4 Kh7 63.Qg2 Bb4+  0-1

[Event "North American Open"]
[Site "Las Vegas USA"]
[Date "2002.12.27"]
[Round "3"]
[White "Florean,A"]
[Black "Ehlvest,J"]
[Result "0-1"]
[WhiteElo "2431"]
[BlackElo "2600"]

1.e4 c5 2.Nf3 d6 3.b3 Nc6 4.Bb5 e5 5.O-O Ne7 6.d3 g6 7.Bxc6+ Nxc6 8.c4 Bg7
9.Nc3 O-O 10.Nd5 h6 11.Bb2 f5 12.exf5 gxf5 13.Nd2 Be6 14.f4 Qd7 15.Qf3 Qf7
16.Rae1 Rae8 17.a3 Kh7 18.Ba1 Nd4 19.Bxd4 cxd4 20.a4 Bd7 21.a5 Bc6 22.Re2 b5
23.axb6 axb6 24.Rfe1 Kh8 25.Nf1 Rc8 26.Ng3 Bxd5 27.cxd5 e4 28.dxe4 Rc3 29.Qh5 d3
30.Rd2 Bd4+ 31.Kh1 Qxh5  0-1

[Event "North American Open"]
[Site "Las Vegas USA"]
[Date "2002.12.28"]
[Round "5"]
[White "Ibragimov,I"]
[Black "Ehlvest,J"]
[Result "1/2-1/2"]
[WhiteElo "2566"]
[BlackElo "2600"]

1.d4 Nf6 2.c4 e6 3.Nf3 d5 4.Nc3 Bb4 5.Qa4+ Nc6 6.a3 Bxc3+ 7.bxc3 Ne4 8.Qc2 O-O
9.e3 b6 10.cxd5 exd5 11.Bd3 Na5 12.O-O Bb7 13.Ne1  1/2-1/2

[Event "Keres Memorial Rapid"]
[Site "Tallinn EST"]
[Date "2003.01.11"]
[Round "1"]
[White "Gavrikov,Vi"]
[Black "Ehlvest,J"]
[Result "1/2-1/2"]
[WhiteElo "2570"]
[BlackElo "2600"]

1.c4 e6 2.Nc3 d5 3.d4 Bb4 4.Nf3 Nf6 5.cxd5 exd5 6.Bg5 h6 7.Qa4+ Nc6 8.Bxf6 Qxf6
9.e3 O-O 10.Be2 a6 11.O-O Be6 12.Rfc1 Qd8 13.Qd1 Bd6 14.Na4 Ne7 15.Nc5 Bxc5
16.Rxc5 Bg4 17.b4 c6 18.a4 Nf5 19.b5 axb5 20.axb5 Rxa1 21.Qxa1 Qb6 22.Qc1 Ne7
23.h3 Bxf3 24.Bxf3 Ra8 25.bxc6 bxc6 26.Rc2 Ra5 27.Be2 g6 28.Rb2 Qa7 29.Bd3 c5
30.dxc5 Rxc5 31.Qd2 Qc7 32.Rb1 Qe5 33.Qb4 Qc3 34.Qxc3 Rxc3 35.Rd1 Kg7 36.Be2 Rc5
37.Bf3 Ra5 38.g3 h5 39.Kg2 Kf6 40.Rd4 Ke6 41.g4 hxg4 42.hxg4 g5 43.Kg3 Ng8
44.Be2 Nf6 45.Bd3 Ne4+ 46.Bxe4 dxe4 47.Rxe4+ Kf6 48.Rd4 Ra6 49.Rd5 Kg6 50.Kf3 Ra4
51.Rd6+ Kg7 52.Rd4 Ra2 53.Rd3 Kg6 54.e4 f6 55.Ke3 Kf7 56.f3 Ke6 57.Rb3 Ra6
58.Rc3 Ra5 59.Kd4 Ra4+ 60.Rc4 Ra6 61.Rc3 Rd6+ 62.Ke3 Ra6 63.Rc5 Ra3+ 64.Ke2 Ra2+
65.Kd3 Ra3+ 66.Rc3 Ra6 67.Ke3 Rd6 68.Ra3 Rb6 69.Kd4 Rd6+ 70.Ke3 Rb6 71.Rc3 Ra6
72.Rb3 Rc6 73.Rb5 Ra6 74.Rf5 Ra3+ 75.Kd4 Ra4+ 76.Kd3 Ra3+ 77.Kc4 Re3 78.Kd4 Ra3
79.e5 fxe5+ 80.Rxe5+ Kf6 81.Re3 Rxe3 82.Kxe3 Ke5 83.Ke2 Ke6 84.Ke1 Ke7 85.Kf2 Kf6
86.Ke3 Ke5 87.Kd2 Kd6 88.Kc2 Kc6 89.Kc1 Kc7 90.Kd2 Kd6 91.Kc3 Ke5 92.Kd3 Kd5
93.Kd2 Kd6 94.Ke2 Ke6 95.Kf1 Kf7 96.Kg2 Kg6 97.Kg3 Kg7 98.Kf2 Kf6 99.Ke3 Ke5  1/2-1/2

[Event "Tch-SWE 2002-3"]
[Site "Sweden SWE"]
[Date "2003.03.01"]
[Round "8"]
[White "Ehlvest,J"]
[Black "Ivanov,Se"]
[Result "1/2-1/2"]
[WhiteElo "2600"]
[BlackElo "2561"]

1.c4 e6 2.Nf3 Nf6 3.d4 d5 4.e3 b6 5.Nc3 Bb7 6.Bd3 Bd6 7.O-O O-O 8.b3 Nbd7
9.Bb2 a6 10.Rc1 Qe7 11.Ne2 c5 12.cxd5 exd5 13.Bf5 Ne4 14.Ng3 Nxg3 15.hxg3 Rad8
16.Qc2 g6 17.Bd3 Rc8 18.Qe2 a5 19.Ba6 Bxa6 20.Qxa6 Ra8 21.Qb7 Qe6 22.e4 dxe4
23.Ng5 Qf5 24.Nxe4 Be7 25.g4 Qe6 26.Nxc5 Nxc5 27.dxc5 Bxc5 28.Qf3 Rad8 29.Rcd1 f6
30.Rfe1 Rxd1 31.Rxd1 Be7 32.Bc3 Rd8 33.Re1 Qd6 34.g3 Kf7 35.Kg2 Rd7 36.Re4 Qd3
37.Rxe7+ Kxe7 38.Qxf6+ Ke8 39.Qh8+ Ke7 40.Qf6+ Ke8 41.Qh8+ Ke7 42.Qe5+ Kd8
43.Qb8+ Ke7 44.Qe5+  1/2-1/2

[Event "Edda Rapid"]
[Site "Reykjavic ISL"]
[Date "2003.03.04"]
[Round "6"]
[White "Ehlvest,J"]
[Black "Bacrot,E"]
[Result "1-0"]
[WhiteElo "2600"]
[BlackElo "2671"]

1.c4 Nf6 2.Nc3 e5 3.Nf3 Nc6 4.e4 d6 5.g3 g6 6.Bg2 Bg7 7.d4 O-O 8.d5 Nd4 9.Be3 Nxf3+
10.Bxf3 Bh3 11.g4 Ne8 12.Rg1 f5 13.gxf5 gxf5 14.Rg3 fxe4 15.Bxe4 Bf5 16.Qh5 Qd7
17.O-O-O Qf7 18.Qh4 Kh8 19.Rf3 Qg6 20.Rxf5 Rxf5 21.Qh3 Rh5 22.Qf3  1-0

[Event "Edda Rapid"]
[Site "Reykjavic ISL"]
[Date "2003.03.04"]
[Round "7"]
[White "Van Wely,L"]
[Black "Ehlvest,J"]
[Result "1/2-1/2"]
[WhiteElo "2668"]
[BlackElo "2600"]

1.d4 d5 2.c4 e6 3.Nc3 Bb4 4.Nf3 Nf6 5.Qa4+ Nc6 6.Bd2 O-O 7.e3 a6 8.a3 Be7
9.Qc2 b6 10.cxd5 exd5 11.Bd3 Bb7 12.Ne5 Nxe5 13.dxe5 Ng4 14.Bxh7+ Kh8 15.Ne2 Nxe5
16.Qf5 Bc8 17.Qxe5 Kxh7 18.Bc3 Bf6 19.Qh5+ Kg8 20.Rd1 Be6 21.e4 Bxc3+ 22.bxc3 Qc8
23.exd5 Bg4 24.Qg5 Bxe2 25.Kxe2 Re8+ 26.Kf3 f6 27.Qf4 Re5 28.Rhe1 Rf5 29.Re8+ Kf7
30.Rxc8 Rxf4+ 31.Kxf4 Rxc8 32.Ke4 Rh8 33.h3 Rh4+ 34.f4 g5 35.Rf1 Kg6 36.a4 b5
37.a5 Rh8 38.Kd4 Re8 39.fxg5 Kxg5 40.g4 Re2 41.Rf5+ Kg6 42.Rf3 Ra2 43.Kc5 Rxa5
44.Kc6 Ra3 45.Kc5 Ra4 46.Kc6 Ra3 47.Kxc7 b4 48.Rf4 Rxc3+ 49.Kb6 Rd3 50.Rxb4 Rxd5
51.Kxa6 Rd3 52.h4 Rh3 53.g5 fxg5  1/2-1/2

[Event "Edda Rapid"]
[Site "Reykjavic ISL"]
[Date "2003.03.05"]
[Round "9"]
[White "Lautier,J"]
[Black "Ehlvest,J"]
[Result "1/2-1/2"]
[WhiteElo "2670"]
[BlackElo "2600"]

1.d4 d5 2.c4 e6 3.Nc3 Bb4 4.e3 Nf6 5.Nf3 O-O 6.Bd3 c5 7.O-O dxc4 8.Bxc4 Nbd7
9.Qe2 cxd4 10.exd4 Bxc3 11.bxc3 b6 12.Bd3 Bb7 13.Bb2 Qc7 14.c4 Rfe8 15.Rfe1 Rac8
16.Rac1 Qf4 17.Nd2 Rcd8 18.Nf1 Qg5 19.Ng3 Nf8 20.Ne4 Nxe4 21.Bxe4 Bxe4 22.Qxe4 Qa5
23.a3 Qa4 24.Re3 Rc8 25.d5 exd5 26.Qd4 f6 27.Qxd5+ Kh8 28.Rxe8 Qxe8 29.h3 Qc6
30.Qh5 Ng6 31.Qg4 Nf8 32.h4 Qe6 33.Qd4 h5 34.c5 Nd7 35.cxb6 Rxc1+ 36.Bxc1 axb6
37.Be3 Qf5 38.a4 Kh7 39.Qd6 Qg4 40.Qd3+ Kh8 41.Qb5 Ne5 42.Bxb6 Nf3+ 43.Kf1 Nxh4
44.Qd5 Qxa4  1/2-1/2

[Event "Tch-SWE 2002-3"]
[Site "Sweden SWE"]
[Date "2003.03.14"]
[Round "9"]
[White "Olausson,C"]
[Black "Ehlvest,J"]
[Result "0-1"]
[WhiteElo "2272"]
[BlackElo "2600"]

1.d4 Nf6 2.c4 e6 3.g3 c5 4.d5 exd5 5.cxd5 b5 6.Bg2 d6 7.Nh3 g6 8.O-O Bg7
9.e4 O-O 10.Nd2 Re8 11.f3 Bxh3 12.Bxh3 Nbd7 13.Qc2 Nb6 14.Rd1 c4 15.Nf1 Nfd7
16.Ne3 Ne5 17.Bg2 Nd3 18.Bf1 Nxc1 19.Raxc1 Qf6 20.Kf2 Qxb2 21.Rb1 Qxc2+ 22.Nxc2 a6
23.Nb4 Na4 24.Rbc1 Nc3  0-1

[Event "4th Millennium Festival"]
[Site "Virginia Beach USA"]
[Date "2003.03.30"]
[Round "4"]
[White "Ehlvest,J"]
[Black "Rouleau,J"]
[Result "1-0"]
[WhiteElo "2600"]
[BlackElo "2199"]

1.d4 Nf6 2.Nf3 g6 3.c4 Bg7 4.Nc3 O-O 5.Bg5 d6 6.e3 c6 7.Be2 a6 8.O-O b5 9.Rc1 Nbd7
10.Nd2 Qb6 11.b4 e5 12.c5 dxc5 13.dxc5 Qc7 14.a4 Re8 15.Ra1 Rb8 16.axb5 axb5
17.Bh4 h6 18.Nde4 Nxe4 19.Nxe4 g5 20.Bg3 f5 21.Nd6 Rf8 22.Qb3+ Kh8 23.h4 f4
24.hxg5 fxg3 25.fxg3 hxg5 26.Nf7+ Rxf7 27.Qxf7 Qd8 28.Qh5+ Kg8 29.Bd1 Bf6
30.Bb3+ Kg7 31.Qf7+  1-0

[Event "56th NY Masters"]
[Site "New York USA"]
[Date "2003.05.13"]
[Round "4"]
[White "Ehlvest,J"]
[Black "Shahade,G"]
[Result "1-0"]
[WhiteElo "2587"]
[BlackElo "2441"]

1.d4 Nf6 2.c4 g6 3.Nc3 d5 4.Nf3 Bg7 5.Qb3 dxc4 6.Qxc4 O-O 7.Bf4 Na6 8.e4 Bg4
9.Ne5 Nh5 10.Be3 Be6 11.Qa4 c5 12.Bxa6 cxd4 13.Bxd4 bxa6 14.Nc6 Qc7 15.Bxg7 Nxg7
16.O-O Rfc8 17.Rfd1 Qb7 18.Nd5 Bxd5 19.exd5 Nf5 20.g4 Nd6 21.Qf4 Re8 22.Rd2 Rac8
23.Re1 Rc7 24.Rde2 Rd7 25.b3 Qc7 26.Re3 Nc8 27.Qh6 Rxd5 28.Rh3 Rh5 29.gxh5 Qxc6
30.hxg6 Qxg6+ 31.Rg3  1-0

[Event "57th NY Masters"]
[Site "New York USA"]
[Date "2003.05.20"]
[Round "1"]
[White "Dubinsky,R"]
[Black "Ehlvest,J"]
[Result "1-0"]
[WhiteElo "2309"]
[BlackElo "2587"]

1.e4 c5 2.Nf3 d6 3.d4 cxd4 4.Nxd4 Nf6 5.Nc3 a6 6.Bc4 e6 7.O-O Be7 8.Bb3 O-O
9.f4 Nc6 10.Be3 Qc7 11.Qf3 b5 12.f5 Nxd4 13.Bxd4 b4 14.Na4 e5 15.Bf2 Bb7
16.Rfe1 Rab8 17.g4 h6 18.h4 d5 19.exd5 e4 20.Qg2 Nxd5 21.Rad1 e3 22.Bxd5 exf2+
23.Qxf2 Bxd5 24.Rxd5 Rfd8 25.Rde5 Bd6 26.R5e3 Qc4 27.Qe2 Qc6 28.b3 Rbc8 29.c4 Bf4
30.Rd3 Re8 31.Qf2 Rxe1+ 32.Qxe1 Re8 33.Qf2 Qe4 34.Nc5 Qe5 35.Nd7 Qe4 36.Nc5 Qe5
37.Nd7 Qa1+ 38.Kg2 Qc1 39.f6 Be3 40.Qf1 Qc2+ 41.Kf3 Qh2 42.Rxe3 Rd8 43.Rd3 Qxh4
44.fxg7 h5 45.gxh5 Qxh5+ 46.Kg3 Qg5+ 47.Kh2 Qh4+ 48.Rh3 Qd4 49.Nf6+ Kxg7
50.Rg3+ Kf8 51.Rg8+ Ke7 52.Rxd8 Kxd8 53.Nd5 Qh8+ 54.Kg1 Qg7+ 55.Qg2 Qa1+
56.Kh2 Qh8+ 57.Qh3 Qe5+ 58.Qg3 Qb2+ 59.Kh3 Qh8+ 60.Qh4+  1-0

[Event "CCA Vermont Open"]
[Site "Stratton Mountain USA"]
[Date "2003.06.04"]
[Round "2"]
[White "Ehlvest,J"]
[Black "Donaldson,J"]
[Result "1-0"]
[WhiteElo "2587"]
[BlackElo "2428"]

1.d4 d5 2.c4 c6 3.Nf3 Nf6 4.Nc3 dxc4 5.a4 Bf5 6.e3 e6 7.Bxc4 Bb4 8.O-O O-O
9.Nh4 Nbd7 10.Nxf5 exf5 11.Qc2 Nb6 12.Bb3 Qd7 13.a5 Nbd5 14.Bd2 Rac8 15.Na4 Bxd2
16.Qxd2 Rfe8 17.Nc5 Ne4 18.Nxe4 Rxe4 19.g3 Rce8 20.Bc2 R4e7 21.a6 b6 22.Qd3 g6
23.Bd1 Nf6 24.Bf3 Ne4 25.b4 c5 26.bxc5 bxc5 27.Rfd1 cxd4 28.Qa3 Qc7 29.Rac1 Qb6
30.Rxd4 Re6 31.Be2 Rd6 32.Rxd6 Nxd6 33.Bf3 Ne4 34.Kg2 h5 35.h4 Rb8 36.Bxe4 fxe4
37.Qe7 Qxa6 38.Rc7 Qa2 39.Rxa7 Qd5 40.Ra4 Qd1 41.Qxe4 Rb1 42.Kh3 Rb2 43.Qa8+ Kg7
44.Rf4 Qf1+ 45.Qg2 Qxg2+ 46.Kxg2 Ra2 47.Kf3 Rb2 48.Rd4 Ra2 49.Rd1 Kf6 50.Re1 Kf5
51.Re2 Ra3 52.Rb2 Rc3 53.Rb7 Kf6 54.Kf4 Rc2 55.f3 Rf2 56.e4 Rf1 57.Rb3 Rg1
58.e5+ Ke6 59.Rb6+ Ke7 60.Rf6 Re1 61.Ra6 Rg1 62.Ra7+ Ke6 63.Ra2 Re1 64.Ra6+ Ke7
65.Rf6 Rg1 66.Kg5 Rxg3+ 67.Kh6 Rh3 68.Kg7 Rxh4 69.Rxf7+ Ke6 70.f4 Rg4 71.Kf8 Rxf4
72.Rxf4 Kxe5  1-0

[Event "31st World Open"]
[Site "Philadelphia USA"]
[Date "2003.07.05"]
[Round "7"]
[White "Shabalov,A"]
[Black "Ehlvest,J"]
[Result "1/2-1/2"]
[WhiteElo "2592"]
[BlackElo "2587"]

1.d4 Nf6 2.c4 e6 3.Nc3 Bb4 4.e3 O-O 5.Nf3 d5 6.Bd3 b6 7.O-O Bb7 8.cxd5 exd5
9.Ne5 Bd6 10.f4 c5  1/2-1/2

[Event "US Open"]
[Site "Los Angeles USA"]
[Date "2003.08.06"]
[Round "4"]
[White "Ehlvest,J"]
[Black "Gliksman,Dav"]
[Result "1-0"]
[WhiteElo "2587"]
[BlackElo "2339"]

1.d4 d5 2.c4 Bf5 3.cxd5 Bxb1 4.Qa4+ c6 5.Rxb1 Qxd5 6.Nf3 Nd7 7.a3 Ngf6 8.e3 Qe4
9.Ra1 e5 10.Qb3 exd4 11.Bc4 Nc5 12.Qa2 O-O-O 13.O-O Nd5 14.exd4 Ne6 15.Re1 Qg6
16.Ne5 Qf6 17.Be3 Nef4 18.Rac1 Kb8 19.Bxf4 Qxf4 20.Bxd5 cxd5 21.Qxd5 Bd6
22.g3 Qd2 23.Nc4 Qh6 24.Na5 Rd7 25.Qb5 Qh3 26.Nxb7  1-0

[Event "73rd NY Masters"]
[Site "New York USA"]
[Date "2003.09.16"]
[Round "3"]
[White "Blatny,P"]
[Black "Ehlvest,J"]
[Result "1-0"]
[WhiteElo "2503"]
[BlackElo "2587"]

1.e4 e5 2.Nf3 Nc6 3.Bb5 a6 4.Ba4 Nf6 5.O-O Be7 6.Bxc6 dxc6 7.Qe1 c5 8.Nxe5 Qd4
9.Nf3 Qxe4 10.Qxe4 Nxe4 11.Re1 Nf6 12.d4 Be6 13.dxc5 Bxc5 14.Be3 Bxe3 15.Rxe3 O-O-O
16.Nbd2 Rhe8 17.a3 Bf5 18.Rxe8 Rxe8 19.Nd4 Bg6 20.b4 b6 21.N2b3 Nd7 22.Rc1 Kb7
23.Nf3 c5 24.bxc5 Nxc5 25.Nbd4 f6 26.Re1 Rxe1+ 27.Nxe1 Kc7 28.f4 Kd6 29.f5 Bf7
30.Kf2 Kd5 31.Ke3 Kc4 32.Nd3 Nxd3 33.cxd3+ Kd5 34.g4 a5 35.Ne2 b5 36.Nc3+ Kc5
37.Ne4+ Kc6 38.Kd4 Bd5 39.Ng3 Bf7 40.Ne4 h6 41.h4 b4 42.axb4 axb4 43.g5 fxg5
44.hxg5 h5 45.g6 Ba2 46.Nd2 h4 47.f6 gxf6 48.Nc4 b3 49.Kc3  1-0

[Event "Levy mem"]
[Site "Denver USA"]
[Date "2003.09.18"]
[Round "1"]
[White "Tidoy,P"]
[Black "Ehlvest,J"]
[Result "1-0"]
[WhiteElo "2221"]
[BlackElo "2587"]

1.d4 Nf6 2.c4 e6 3.Nc3 Bb4 4.e3 O-O 5.Bd3 d5 6.Nf3 b6 7.O-O Bb7 8.cxd5 exd5
9.Ne5 Bd6 10.f4 c5 11.Bd2 Nc6 12.Nb5 Be7 13.Rc1 a6 14.Nxc6 Bxc6 15.Nc3 Re8
16.Rf3 cxd4 17.exd4 Ne4 18.Rh3 Bf6 19.Be3 Bd7 20.g4 g6 21.Nxd5 Bxg4 22.Qxg4 Qxd5
23.Bc4 Qd6 24.f5 Bxd4 25.fxg6 hxg6 26.Rd1 Bxe3+ 27.Rxe3 Nd2 28.Rxd2  1-0